000 01271nam2a2200313 4500
001 RU\NLR\bibl\739156
005 20250614002417.0
010 _a5-98359-020-0
_97500
021 _aRU
_b2004-63188
_93115
021 _aRU
_b2007-2132
_9100
035 _a(NLR Aleph) 000729057
090 _a750966
_c750966
100 _a20050324d2004 |||y0rusy50 ca
101 1 _arus
_ctur
102 _aRU
105 _ay |||||||||
200 0 _aТ. 2
_f[сокр. пер. с тур. Аниса Разоренова]
210 _d2004
_aБ. м.
215 _aXVIII,286 с.
320 _aБиблиогр.: с. 277-282 (93 назв.) и в подстроч. прим.
320 _aТемат. указ.: с. 283-286
333 _aУдалено из публичного доступа. Фед. сп. № 1338, 1339
461 0 _1001RU\NLR\bibl\596700
_12001#$aПророк Мухаммад - венец рода человеческого$vТ. 2
_91698923
_aГюлен, Ф. (1941-)
_cМ.
_d2004
_fФетхуллах Гюлен
_nНовый Свет
_p343 с.
_tПророк Мухаммад - венец рода человеческого
_vТ. 2
801 0 _aRU
_bNLR
_c20050324
_gPSBO
801 1 _aRU
_bNLR
_c20050324
942 _cBOOK
980 _aNB